000 00257nam a22001097a 4500
999 _c65322
_d65319
082 _a297.1225.41 BRA
100 _aاعلی حضرت امام احمد رضا
245 _aالقرآن القریم
260 _aلاہور
300 _a۷۴۴
942 _cBK